000 00323 a2200133 4500
001 48061
040 _cAnchieta - Aquarius
100 _aBarreto, Lima
240 1 0 _aO triste fim de Policarpo quaresma
_lpor
245 1 0 _aO triste fim de Policarpo quaresma
300 _a104
650 4 _aLiteratura brasileira
942 _cBK
999 _c48061
_d48061